000 00293nam a2200097Ia 4500
001 1299413
005 20260417170344.0
008 260417s9999 xx 000 0 und d
245 0 _aDÜNYAYI GEZİYORUM ŞİRİN BEYAZ İTALYA YALANLARI!
_cBİRSEN EKİM ÖZEN
260 _bTİMAŞ ÇOCUK YAYINLARI
999 _c1299413
_d1299413